000 00574nam a2200217Ia 4500
003 OSt
005 20220928140153.0
006 a|||||r|||| 00| 0
007 ta
008 220927b |||||||| |||| 00| 0 eng d
024 _a7187
037 _cTextual
040 _aSDCL
_cSDCL
_beng
041 _2eng
_aeng
082 _aO-,2M56:g, L3
100 _aDukore Bernard F
_9492886
245 0 _aBernard Shaw, playwright
_b Aspects of Shavian drama.
260 _c1973
942 _hO-,2M56:g, L3
_cTEXL
_2CC
999 _c810280
_d810280